000 00397ntaaa2200169 4500
003 01
005 20251027202333.0
008 0714s1973 ag 01
040 _aAR-BaBN
_bspa
_cAR-BaBN
_eaacr
_dRIC
082 _a294.5000 Se5
100 _aSen, Kshiti Mohan
_921985
245 _aHinduism
250 _a1 ed.
260 _aHarmondsworth :
_bPenguin Books,
_cc1961
300 _a160 p
942 _cBK
999 _c18212
_d18212